Energy intensity and GHG production of chosen propulsions used in road transport
Ťažkosti s porovnaním spotreby energie a výroby skleníkových plynov v doprave pri používaní rôznych palív. Ovplyvnenie chemickým zložením paliva, formou energie v ňom obsiahnutej, jeho výrobou, distribúciou a skladovaním. Zohľadnenie všetkých postupov použitých na získavanie a spracovanie paliva a j...
Salvato in:
| Autore principale: | |
|---|---|
| Altri autori: | , , , |
| Natura: | Capitolo di libro |
| Lingua: | inglese |
| Soggetti: | |
| Tags: |
Nessun Tag, puoi essere il primo ad aggiungerne!!
|
MARC
| LEADER | 00000naa a2200000 4500 | ||
|---|---|---|---|
| 001 | 0234434 | ||
| 005 | 20220715120522.6 | ||
| 041 | 0 | |a eng | |
| 044 | |a SK | ||
| 245 | 1 | 0 | |a Energy intensity and GHG production of chosen propulsions used in road transport |c Tomas Skrucany, Stefania Semanova, Tomasz Figlus, Branislav Sarkan, Jozef Gnap |
| 520 | |a Ťažkosti s porovnaním spotreby energie a výroby skleníkových plynov v doprave pri používaní rôznych palív. Ovplyvnenie chemickým zložením paliva, formou energie v ňom obsiahnutej, jeho výrobou, distribúciou a skladovaním. Zohľadnenie všetkých postupov použitých na získavanie a spracovanie paliva a jeho šetrnosť k životnému prostrediu. Posudzovanie účinkov vybraných pohonov vozidla na životné prostredie, a to miesto výroby, najmä v prípade elektrickej energie. | ||
| 610 | 2 | 0 | |a náročnosť energetická |
| 610 | 2 | 0 | |a ozón |
| 610 | 2 | 0 | |a znečistenie ovzdušia |
| 610 | 2 | 0 | |a doprava |
| 610 | 2 | 0 | |a vozidlá motorové |
| 610 | 2 | 0 | |a palivá |
| 610 | 2 | 0 | |a palivá fosílne |
| 610 | 2 | 0 | |a palivá pevné |
| 610 | 2 | 0 | |a palivá tekuté |
| 610 | 2 | 0 | |a energia elektrická |
| 610 | 2 | 0 | |a prostredie životné |
| 100 | 1 | |a Skrúcaný, Tomáš | |
| 700 | 1 | |a Semanová, Štefánia | |
| 700 | 1 | |a Figlus, Tomasz | |
| 700 | 1 | |a Šarkan, Branislav | |
| 700 | 1 | |a Gnap, Jozef | |